Teaching and learning thinking skills
Elmentve itt :
| Szerző: | |
|---|---|
| Dokumentumtípus: | Könyv |
| Megjelent: |
Swets and Zeitlinger
Lisse
1999
|
| Sorozat: | Contexts of learning
|
| mtmt: | 1152634 |
| Online Access: | http://publicatio.bibl.u-szeged.hu/11927 |
| LEADER | 00598nam a2200181 i 4500 | ||
|---|---|---|---|
| 001 | publ11927 | ||
| 005 | 20200226093155.0 | ||
| 008 | 170911s1999 hu o 0|| zxx d | ||
| 020 | |a 9026515456 | ||
| 024 | 7 | |a 1152634 |2 mtmt | |
| 040 | |a SZTE Publicatio Repozitórium |b hun | ||
| 041 | |a zxx | ||
| 100 | 1 | |a Csapó Benő | |
| 245 | 1 | 0 | |a Teaching and learning thinking skills |h [elektronikus dokumentum] / |c Csapó Benő |
| 260 | |a Swets and Zeitlinger |b Lisse |c 1999 | ||
| 300 | |a 360 | ||
| 490 | 0 | |a Contexts of learning | |
| 856 | 4 | 0 | |u http://publicatio.bibl.u-szeged.hu/11927/1/CsBeno_Teaching_1999.pdf |z Dokumentum-elérés |